[Event "FRA Cup final"]
[Site "Paris"]
[Date "2008.06.28"]
[Round "1"]
[White "Jakovenko, Dmitrij"]
[Black "Rozentalis, Eduardas"]
[Result "1-0"]
[WhiteElo "2720"]
[BlackElo "2567"]
[Annotator "Primel,D"]
[PlyCount "79"]
[EventDate "2008.06.28"]
[EventType "team"]
[EventRounds "1"]
[EventCountry "FRA"]
[SourceTitle "EXT 2010"]
[Source "ChessBase"]
[SourceDate "2010.11.25"]
[SourceVersion "1"]
[SourceVersionDate "2010.11.25"]
[SourceQuality "1"]
[WhiteTeam "Clichy"]
[BlackTeam "Strasbourg"]
[WhiteTeamCountry "FRA"]
[BlackTeamCountry "FRA"]

1. c4 Nf6 {Eduardas ROZENTALIS est un GMI trés expérimenté et solide mais on
verra la différence dans cette partie entre un TOP GMI а 2700 et un GMI а 2600.
} 2. Nf3 e6 3. Nc3 (3. g3 b6) 3... Bb4 {Le GMI letton a beaucoup d'expérience
sur cette variante "Nimzo anglaise"} (3... c5) 4. Qc2 {Une ligne interessante,
les blancs vont gagner la paire de B avec a3 et ils auront la possibilité de
transposer dans une variante CAPABLANCA de la défense Nimzo-Indienne.} (4. g4
$5 {l'idée trés moderne de KRASENKOW} h6 (4... O-O) (4... d6 5. g5 Nfd7 6. Qc2)
5. Rg1 {Vallejo Pons,F (2674)-Delchev,A (2637) ESP-chT Honor Gp1 2006 (5) 1/2})
4... O-O {la grande ligne mais c5 est peut-être plus souple en donnant
l'option supplémentaire Ba5 après a3} (4... c5 5. a3 Ba5) (4... b6) 5. a3 Bxc3
6. Qxc3 d6 {[%cal Ge6e5,Gb7b6] Après avoir échangé le B de cases noires, il
faut combattre la force du Bb2 en jouant la structure au centre sur cases
noires.} (6... b6 $142 {Plus courant et probablement meilleur car le plan d6e5,
Bg4 est solide mais assez passif} 7. b4 {[%cal Gc1b2,Gc3g7]} (7. g3 $143 Bb7 8.
Bg2 d5 $1 $11 {Uhlmann,W (2535)-Kortschnoj,V (2665) Hastings 7576 1975 (7) 1/2}
) 7... Bb7 (7... c5 8. Bb2 d6 9. g4 $5 {[%cal Gg4g5,Gc3g7];Polgar,Z (2567)
-Chiburdanidze,M (2503) Calvia ol (Women) (6) 1-0}) 8. Bb2 d6 {Gritsak,O (2485)
-Rozentalis,E (2575) MK Cafe Cup-A 1998 (2) 1/2} (8... c5 9. e3 (9. g4 d5 10.
bxc5 (10. g5 d4)) (9. d3) 9... d6 10. Be2 Nbd7 11. O-O Qe7 12. d3 (12. d4)) 9.
g3 Nbd7 10. Bg2 c5 11. O-O Rc8 {[%cal Gc8c3]} 12. d3 d5 13. e3 dxc4 14. dxc4
Qc7 15. b5 $1 $14 {[%csl Ra6,Rc6]}) (6... a5 $5 7. b3 {[%cal Gc1b2];Brunner,L 
(2530)-Kortschnoj,V (2645) Zuerich/Bern m 1996 (3) 0-1}) 7. e3 (7. d4) (7. g3
e5 8. Bg2 c5 9. O-O Nc6 {[%csl Rd4,Ge5]}) 7... e5 8. b4 {[%cal Gc1b2,Gc3g7]} (
8. d3 {[%csl Ge4]} b6 9. Be2 Bb7 $14 {Robatsch,K (2440)-Timman,J (2540) Nice
ol (Men) qual-H 1974 (1) 1-0}) 8... Bg4 {Dans cet ordre de coups, c'est une
nouveauté mais en fait, c'est une simple interversion.} (8... Re8 9. Bb2) (8...
e4 $6 {[%cal Gc3g7]} 9. Nd4 c5 10. Nb3 b6 11. Bb2 Nc6 12. Be2 Re8 13. f4 h5 $6
14. h3 h4 15. g4 $1 hxg3 16. Rg1 $44 {[%csl Rg7][%cal Gg1g3,Gc3g7]} Ne7 17.
Rxg3 Nf5 {San Segundo Carrillo,P (2505)-Zelcic,R (2455) EU-chT (Men) 1997 (3)
1-0}) 9. Bb2 Re8 10. d3 Bxf3 $5 $146 {Un plan assez risqué car l'ouverture de
la colonne "g" va ensuite profiter aux blancs} (10... Nbd7 11. h3 Bxf3 12. gxf3
d5 13. O-O-O {[%cal Gh1g1]} c5 14. d4 exd4 15. exd4 cxb4 16. axb4 Nb6 17. c5
Na4 18. Qb3 Nxb2 19. Kxb2 Qc7 20. Bb5 Re6 21. Rde1 Rxe1 22. Rxe1 Qh2 23. Qe3
Qxh3 24. Qf4 Qg2 25. Qg3 {Barbero,G (2475)-Timman,J (2660)/Novi Sad 1990/TD/
0-1 (46)}) 11. gxf3 {[%csl Gb2,Gf1,Rg7][%cal Gh1g1]} d5 $1 {Le point commun de
cette variante Nimzo anglaise avec la ligne CAPABLANCA de la Nimzo est le fait
que les noirs doivent jouer activement le début car ils ont un léger avantage
de développement et si les blancs arrivent а mobiliser toutes leurs pièces,
ils auront un net avantage "statique" avec la paire de B} 12. cxd5 Qxd5 (12...
Nxd5 13. Qc4 Nc6 (13... Qd6) 14. Rc1 {[%csl Rc7]} (14. O-O-O)) 13. Bg2 Nc6 $6 {
Ce coup naturel est peut-être moins bon que l'alternative Nbd7 et après 14.Rg1,
les blancs prennent l'initiative} (13... Nbd7 $5 14. Rg1 (14. Qxc7 $4 Rac8) (
14. O-O c6 15. f4 Qe6 16. fxe5 Nxe5 17. Rad1 $11) 14... Rad8 15. f4 Qd6) (13...
c6 $5 14. Rg1 Qd6 15. f4 exf4 16. Bxc6 $3 {[%cal Gg1g7,Gc3f6]} Nxc6 17. Qxf6
Qxf6 18. Bxf6 g6 19. Kd2 Re6 20. Bc3 fxe3+ 21. fxe3 Rae8 22. Rae1 $11 {[%csl
Gd3,Ge3] le B est supérieur au N mais les P pendants centraux sont assez
exposés}) 14. Rg1 $1 {[%cal Gf3f4,Gg2d5,Gg1g7]} (14. O-O {[%cal Gf3f4,Gg2d5]})
14... Rad8 $6 (14... Nd4 $6 {[%cal Gd4f3]} 15. f4 Nf3+ 16. Bxf3 $1 (16. Ke2 e4
$11 {[%csl Re2]}) 16... Qxf3 17. Rg3 $1 {[%csl Rf3]} (17. fxe5 $143 Ng4 18. Qd2
Nxe5 $132 {[%csl Re1]}) 17... Qh1+ 18. Ke2 Qxh2 19. Rag1 g6 20. fxe5 Nd5 (20...
Nh5 21. R3g2) 21. Qd4 Rad8 22. e6) (14... a5 $5 15. f4 $14 axb4 16. axb4 Rxa1+
17. Bxa1 Qa2 {[%csl Re1]} 18. Bxc6 bxc6 19. Qb2 Qd5 20. fxe5 $40) 15. f4 $1 (
15. Rd1 Nd4 $1) 15... Qb5 (15... Qxd3 16. Bxc6 bxc6 17. Qxd3 Rxd3 18. Ke2 Rdd8
19. Bxe5 $16) 16. Qc4 (16. Bxc6 bxc6 17. O-O-O Nd5 18. Qc4 {[%cal Gg1g7,Gf4e5]}
) 16... Qxc4 17. dxc4 $16 Nd7 18. O-O-O $1 $36 {[%csl Gb2,Gg2] Le TOP GMI va
commencer sa démonstration technique} Kf8 19. Bxc6 bxc6 20. fxe5 Nb6 21. Rxd8
Rxd8 22. Rg4 $1 {[%csl Rb6] le N est complètement dominé} h5 23. Rh4 $1 {
provoque un nouvel affaiblissement.} g6 {[%csl Rf6]} 24. Kc2 Ke7 25. Bd4 {
[%csl Gd4]} Nd7 26. f4 Ke6 27. Rh3 (27. e4 {[%csl Gd5,Gf5]}) 27... c5 28. bxc5
Nb8 (28... Kf5) 29. Rg3 Nc6 30. Bc3 a6 31. Rg5 Rd7 32. f5+ $1 gxf5 33. Rxh5 {
[%csl Gh2][%cal Gh2h8]} Nxe5 34. e4 $1 Nxc4 35. Rh6+ $1 Ke7 36. Bf6+ Ke6 37.
Bh8+ Ke7 38. Kc3 Nxa3 39. Rxa6 Nb5+ $2 $138 40. Kb4 {[%mdl 2048] Une belle
démonstration technique des blancs et le gain au 1er échiquier a été décisif
pour remporter cette finale de Coupe de France.} 1-0

[Event "Rohde op 09th"]
[Site "Sautron"]
[Date "2009.10.25"]
[Round "2"]
[White "Agrest, Evgenij"]
[Black "Philippe, Christophe"]
[Result "1-0"]
[WhiteElo "2588"]
[BlackElo "2430"]
[Annotator "Primel,D"]
[PlyCount "117"]
[EventDate "2009.10.24"]
[EventType "swiss"]
[EventRounds "9"]
[EventCountry "FRA"]
[SourceTitle "EXT 2010"]
[Source "ChessBase"]
[SourceDate "2010.11.25"]
[SourceVersion "1"]
[SourceVersionDate "2010.11.25"]
[SourceQuality "1"]
[TimeControl "40/6000+30:1800+30"]

1. Nf3 Nf6 2. c4 e6 3. Nc3 Bb4 {La variante Nimzo anglaise souvent jouée par
ADAMS} 4. Qc2 (4. g4 $5 {La dernière mode}) 4... O-O (4... c5) (4... b6) 5. a3
Bxc3 6. Qxc3 b6 7. e3 (7. g3) (7. b4 {[%cal Gc1b2] plus ambitieux}) 7... Bb7 8.
Be2 d6 (8... c5) (8... Ne4) 9. b3 Nbd7 10. Bb2 e5 $1 $11 {[%csl Rb2]} (10... c5
) 11. d3 (11. O-O Ne4 12. Qc2 f5 $132 {Maksimenko,A (2455)-Timoshenko,G (2480)
Caciulata Calimanesti 1992 0-1}) 11... Re8 12. O-O Nc5 $146 ({RR} 12... c5 13.
Nd2 d5 14. cxd5 Nxd5 15. Qc4 Rc8 16. Ne4 Nf8 17. Bf3 Qd7 18. Ng3 Rc7 19. Rac1
Ng6 20. Rfd1 Kh8 21. a4 f6 22. h3 Rd8 23. Qg4 Qf7 24. Qc4 Qd7 25. h4 Nge7 26.
h5 h6 27. Qh4 {Savon,V (2430)-Khasin,A (2410)/Norilsk 1987/EXT 1997/1-0 (61)})
13. Rad1 (13. b4 $6 Na4) (13. d4 Nce4) 13... Qd7 {[%csl Rd7] Assez douteux
mais le français va ensuite pouvoir exploiter la colonne "e" semi-ouverte avec
ses R pour les faire transiter vers l'aile-roi} (13... Ne6 {[%csl Gd4]}) (13...
Qe7 $142 {Semble davantage dans l'esprit de la position.} 14. d4 exd4 15. Nxd4
a5) 14. d4 $1 {[%cal Gd1d7]} exd4 (14... Nce4 15. Qc1 Qf5) 15. Nxd4 Re5 $5 {
[%cal Ge5g5]} 16. f3 $1 $14 {[%csl Rb7]} Rg5 (16... Rae8 17. e4) 17. Kh1 Re8
18. Bc1 {[%cal Gc1g5,Ge3e4]} Ree5 $5 {si l'attaque noire échoue les R seront
mal placées} 19. Qe1 (19. e4 {[%cal Gc1g5]} Nfxe4 $1 $13) 19... Rg6 20. e4 Rh5
21. Bf4 {[%cal Gf4h2]} (21. Nf5 $5 {ce Nf5 va ensuite gêner les R noires et en
particulier celle en "h5" qui est trés exposée.}) 21... Ne6 22. Nxe6 Qxe6 23.
Bd3 {[%cal Gd3g6,Ge4e5]} Nd7 24. e5 $1 {[%cal Gd3g6]} Nxe5 25. Bxg6 hxg6 26.
Qe3 f6 27. Rfe1 $16 Kf7 (27... g5 28. Bg3) 28. Rd2 Bc6 29. Bg3 g5 30. Qc3 Rh8
31. b4 Rb8 (31... Qxc4 32. Rc2 (32. Bxe5 $2 Rxh2+ $3 33. Kxh2 Qh4+ 34. Kg1
Qxe1+ {[%csl Rg1][%cal Ge1h4]}) 32... Qxc3 33. Rxc3 {[%csl Rc6,Rc7]} Bb5 34.
Rxc7+ Kg6 35. Rxa7 $18 {[%cal Ga3a4,Ga4a5]}) 32. Rde2 Qf5 33. Re3 g4 34. f4 Ng6
35. Qd2 (35. b5 Bb7 36. Kg1) 35... Kg8 36. R3e2 Kh7 37. Kg1 d5 $6 $138 {
la position noire était déjà difficile mais elle sera critique après cet
affaiblissement} 38. cxd5 Bxd5 39. Qc2 {[%cal Gc2h7]} Ne7 40. Rc1 {Provoquant
des échanges qui favorisent les blancs} Qxc2 41. Rcxc2 Nf5 42. Rxc7 $40 {
[%csl Ra7]} a6 43. Rd2 {[%cal Gd2d7]} Be4 44. Bf2 {[%csl Rb6]} Kg6 45. Rc3 Rb7
$6 (45... b5) 46. Rc4 $18 Re7 47. Re2 Bd3 48. Rxe7 Bxc4 49. Ra7 b5 50. Bc5 Nh4
51. Rxa6 Kf5 52. Rd6 Ng6 53. g3 Nf8 54. Kf2 Ne6 55. Ke3 g5 56. Bd4 gxf4+ 57.
gxf4 Bb3 58. Rb6 Ba4 59. Bc3 1-0

[Event "Dresden zt 1.2"]
[Site "Dresden"]
[Date "1998.04.30"]
[Round "3"]
[White "Stanec, Nikolaus"]
[Black "Psakhis, Lev"]
[Result "1/2-1/2"]
[WhiteElo "2485"]
[BlackElo "2565"]
[Annotator "Psakhis,L"]
[PlyCount "114"]
[EventDate "1998.04.28"]
[EventType "swiss"]
[EventRounds "11"]
[EventCountry "GER"]
[SourceTitle "CBM 065"]
[Source "ChessBase"]
[SourceDate "1998.08.06"]
[SourceVersion "1"]
[SourceVersionDate "1998.08.06"]
[SourceQuality "1"]

1. Nf3 Nf6 2. c4 e6 3. Nc3 Bb4 4. g3 Bxc3 5. dxc3 b6 (5... O-O 6. Bg2 d6 7. O-O
Nbd7 8. Nh4 h6 9. Bd2 Ne5 10. b3 Rb8 11. f4 Nc6 12. e4 e5 13. fxe5 dxe5 14. Qc1
Kh7 15. Nf5 Bxf5 16. exf5 Qd6 17. Bf3 Ne7 18. Be2 Rbd8 19. Rd1 Nxf5 20. Bxh6
Qc5+ {0-1 Falahat,S-Osswald,M/RH-op 1994}) 6. Bg2 (6. g4 Bb7 7. g5 Ne4 8. Bg2
O-O 9. Be3 Nd6 10. b3 Nf5 11. Qd2 Qe7 {1/2-1/2 Mikhalchishin,A-Razuvaev,Y/
Dortmund op-A 1993}) 6... Bb7 7. O-O h6 (7... d6 $5 8. Bg5 Nbd7) 8. Ne1 Bxg2 9.
Nxg2 Nc6 (9... O-O 10. Qc2 (10. f3 $6 d5 11. cxd5 exd5 $1)) (9... d6 10. Qc2
Nbd7 $11) 10. Qc2 Qe7 11. e4 d6 (11... Qc5 12. Qe2 g5 13. Be3 Qe5 14. f3) 12.
Qe2 g5 $2 (12... O-O $5 $11) 13. Kh1 O-O-O 14. a4 Rdg8 15. b4 h5 (15... a5 16.
Rb1) 16. a5 h4 17. g4 $1 h3 18. Ne3 $6 (18. Ne1 $1 $16) 18... Nxe4 $1 (18...
Kb8 19. f3 $16) 19. Qf3 (19. axb6 axb6 (19... cxb6 20. Qf3 $5) 20. c5 $40)
19... f5 20. gxf5 exf5 (20... Rh4 21. axb6 cxb6 22. Ng4 exf5 23. Qxf5+) 21.
axb6 axb6 (21... cxb6 22. Nxf5 Qe8 (22... Qe6 23. Nxd6+ Nxd6 24. Qxc6+ Kb8 25.
c5 $18) 23. Kg1 Kb8 24. Re1 Ne5) 22. Qxf5+ Kb7 23. f3 (23. b5 Na5) 23... Nf6
24. c5 $5 dxc5 $1 (24... Ra8 25. Rxa8 Rxa8 26. cxb6 cxb6 27. Qxg5 $16) 25. bxc5
Qe5 $5 $138 26. Qd3 (26. cxb6 $5 Qxf5 27. Nxf5 cxb6 28. Rd1 $14) 26... Ra8 $8
27. Rxa8 Rxa8 28. cxb6 Ra2 $1 29. Bd2 (29. f4 $2 gxf4 30. bxc7 fxe3 31. Qb1+
Kxc7 32. Qxa2 e2 33. Qf7+ Kc8 34. Qf8+ Nd8 35. Kg1 Qd5 $1 $19) 29... Qd6 (29...
cxb6 $1 30. Nc4 Qd5 31. Qxd5 Nxd5 32. Bxg5 Nxc3 $15) 30. Qxd6 cxd6 31. Nc4 Ne5
$1 (31... d5 32. Bxg5 (32. Nd6+) 32... dxc4 33. Bxf6 Kxb6 34. f4 $16) 32. Nxd6+
$6 (32. Nxe5 $1 dxe5 33. Bxg5 Nd5 34. c4 Nxb6 35. Rc1 Kc6 $44) 32... Kxb6 33.
Bxg5 (33. f4 gxf4 34. Bxf4 Nfg4 $11) 33... Nd5 $1 (33... Kc6 34. Nf5 (34. Bxf6
Nxf3 35. Be5 Nxe5 36. Nf5 Ng4 37. Nd4+ Kd7 (37... Kd5 38. c4+ $1) 38. Nf3 Rg2)
34... Nxf3 35. Nd4+ Nxd4 36. Rxf6+ Kd5 37. Rf1 $11) 34. Bh4 (34. Rb1+ Kc6 35.
Nf5 Kc5 (35... Nxc3 36. Rc1 Nxf3 $1 37. Nd4+ $1 Nxd4 38. Rxc3+ Kd5 39. Rxh3 Ke4
$11) 36. Nh4 $5 Nd3 37. Nf5 Nxc3 $44) 34... Nxf3 $1 35. Bg3 Ne3 $138 (35...
Nxc3 36. Rc1 Ka5 $5) 36. Rb1+ Kc6 37. Ne4 (37. Nb5 Kd5) 37... Ng4 38. Rf1 Ngxh2
39. Rd1 Ng4 40. c4 (40. Rf1 $5) 40... Re2 41. Rd6+ Kb7 42. Rd7+ Ka6 (42... Kc8
43. Rf7 Nge5 (43... Rxe4 44. Rxf3 Rxc4 45. Be1 $5) 44. Nd6+ Kb8 45. Nb5 $1 $11)
43. Rd3 Ra2 $1 44. Rd1 Rc2 $1 45. c5 Kb5 46. Rf1 Kc6 47. Rd1 Ne3 48. Ra1 (48.
Rd6+ Kb5 49. Rb6+ Kc4 50. Rb1 Kd5) 48... Kd5 49. Nf6+ Ke6 $2 $138 (49... Kd4
50. Bf4 $5 Rxc5 (50... Kc3 51. Rb1 $1) 51. Bxe3+ Kxe3 52. Ng4+ Kf4 53. Nh2 $11)
(49... Kxc5 $1 50. Rb1 $8 (50. Bf2 Kb4 $1 51. Ne4 Kb3 52. Bg1 Kb2 53. Ra8 Rc1
54. Rg8 h2) 50... Kc4 51. Ne4 (51. Bf4 Re2 52. Ne4 Ng4 $19) 51... Re2 52. Rc1+
Kb3 (52... Kd4 53. Nf2 Nf5 54. Bc7 $1) 53. Nc5+ Ka2 $17) 50. Ne4 Kd5 51. Nf6+
Ke6 $6 52. Ne4 Kf5 53. Nf2 $1 Kg5 (53... h2 54. c6 Rxc6 55. Bxh2 Rh6 $2 56.
Ra5+) (53... Rxc5 54. Nxh3 $1 Kg4 $140 55. Nf2+ $1 $11) 54. Nd3 Nf5 (54... Kg4
55. Bd6 h2 56. Ne1 $11) 55. Bb8 Kg4 56. Ne1 $1 $11 Nxe1 57. Rxe1 Rxc5 (57...
Rxc5 58. Re4+ Kh5 59. Kh2 Rc3 60. Re8 $11) 1/2-1/2

[Event "Rohde op 07th"]
[Site "Sautron"]
[Date "2007.11.03"]
[Round "9"]
[White "Bogner, Sebastian"]
[Black "Abbasov, Farid"]
[Result "0-1"]
[WhiteElo "2383"]
[BlackElo "2507"]
[Annotator "RR"]
[PlyCount "96"]
[EventDate "2007.10.27"]
[EventType "swiss"]
[EventRounds "9"]
[EventCountry "FRA"]
[SourceTitle "EXT 2008"]
[Source "ChessBase"]
[SourceDate "2007.11.25"]
[SourceVersion "1"]
[SourceVersionDate "2007.11.25"]
[SourceQuality "1"]

1. Nf3 {Le jeune allemand devait gagner la partie pour réaliser une norme de
GMI.} Nf6 2. c4 e6 3. Nc3 Bb4 4. Qc2 {[%cal Ga2a3,Gb2b4,Gc1b2]} (4. g4 $5 {
[%cal Gg4g5,Gh1g1];Koziak,V (2437)-Bruned,V (1922) Rohde op 7th 2007 (5.10) 1-0
}) (4. d4 {Mène а la variante CAPABLANCA de la NIMZO}) 4... O-O 5. a3 Bxc3 6.
Qxc3 d6 {[%cal Ge6e5] assez peu joué car b6 est la ligne principale mais le
plan sur cases noires au centre pour fermer la diagonale du Bb2 est logique} (
6... b6 7. b4 (7. g3 {[%cal Gf1g2,Gg2a8]} Bb7 8. Bg2) 7... Bb7 (7... a5) (7...
c5) 8. Bb2 d6 9. e3 (9. g3)) (6... c5 {l'alternative principale а 6. b6} 7. b4
{[%cal Gc1b2,Gc3g7]} b6 8. Bb2 (8. g3 Bb7 9. Bg2 d6 10. O-O Nbd7 (10... Qe7) (
10... Ne4 $5 $146 {10. Ne4 ne semble pas avoir été joué dans une partie mais
cela semble jouable. L'idée est d'attaquer la Qc3 avec un gain de temps avant
que les blancs ne puissent jouer Bb2} 11. Qc2 Nd7 12. Nh4 {[%csl Rb7][%cal
Gg2e4]} (12. d3 Nef6 13. Bb2 Rc8 {[%cal Gc8c2]}) 12... d5) (10... Nc6 {[%cal
Ge6e5]} 11. Bb2 e5 $1 {les blancs ne peuvent pas facilement profiter de
l'affaiblissement de la case "d5"}) 11. Bb2)) (6... a5 {[%csl Rb4] ABBASOV
joue également cette variante avec les blancs} 7. b3 c5 {[%csl Rb4];Abbasov,F 
(2443)-Miroshnichenko,E (2616) Abu Dhabi op 16th 2006 (7) 1/2}) 7. b4 e5 $1 {
libère la diagonale "c8h3" pour jouer Bg4 mais l'idée principale est de fermer
la diagonale "a1h8" pour rendre moins efficace l'attaque du duo Bb2,Qc3} ({RR} 
7... a5 8. Bb2 axb4 9. axb4 Rxa1+ 10. Bxa1 e5 {[%csl Ra1]} 11. g3 b6 12. Bg2
Nc6 13. O-O Bg4 14. b5 Nb8 (14... Bxf3 15. Qxf3 $14 {[%csl Ga1,Gg2]}) 15. h3
Bh5 16. d3 Nbd7 17. Bb2 Nc5 18. Ra1 Qd7 19. g4 Bg6 20. Nh4 Qe7 21. Ra7 Ne8 22.
Nxg6 {Van Wely,L (2700)-Almasi,Z (2640)/Monte Carlo 2001/CBM 081 ext/1/2-1/2 
(36)}) (7... b6 {l'alternative}) 8. Bb2 Nc6 ({RR} 8... a5 9. d3 axb4 10. axb4
Rxa1+ 11. Bxa1 Bg4 12. Nd2 b5 13. h3 Be6 14. e3 bxc4 15. dxc4 Na6 16. Be2 Qb8
17. b5 Nc5 18. O-O Qb6 19. Qc2 Ra8 20. Bc3 Nfd7 21. Kh2 f6 22. Rc1 {1/2-1/2
Popov,V (2592)-Tunik,G (2469)/Cappelle la Grande 2006/CBM 110 ext}) 9. e3 Bg4 (
9... Ne7 $5) 10. h3 $146 ({RR} 10. d3 Qd7 11. Be2 Rfe8 12. O-O Ne7 13. Rfe1 h6
14. Rac1 Rac8 15. h3 Bh5 16. c5 Qe6 17. cxd6 cxd6 18. Qd2 Ned5 19. Rxc8 Rxc8
20. Rc1 g5 21. Bd1 Qd7 22. Rxc8+ Qxc8 23. Qc2 Qd7 24. Qe2 Qb5 {Ibrahimov,R 
(2501)-Petrosian,T (2568)/Teheran 2005/CBM 104 ext/1/2-1/2 (60)}) 10... Bh5 11.
d3 Re8 12. Be2 Rb8 $6 {Bizarre} 13. g4 {[%cal Gf3d2] Le jeune allemand prend
des risques et réaliser sa norme} Bg6 14. Nd2 $1 {[%cal Ge2g4,Gh3h4,Gh4h5]} d5
$1 $36 {[%csl Gd5,Ge5] La classique réaction au centre а une attaque а
l'aile-roi, les noirs ont égalisé.} (14... Qe7) 15. cxd5 Nxd5 16. Qb3 (16. Qc2
{[%cal Gg6c2]}) 16... Nb6 17. b5 (17. h4 $5 {[%csl Rg6] il semblait plus
logique de continuer le plan d'attaque а l'aile-roi.} h6 18. g5 $5 {Semble
plus précis que le coup naturel 18.h5} (18. h5 {[%csl Rg6]} Bh7 19. O-O-O {
[%cal Gd1g1,Gg4g5]} (19. b5 Na5 (19... Ne7 20. Bxe5 Ned5 21. d4 {[%cal Gd4e5]})
20. Qb4 {[%csl Ra5]}) (19. g5 $5 Qxg5 20. O-O-O $44 {[%cal Gd1g1]}) 19... a5 $1
20. b5 a4 21. Qc2 Na7 {[%cal Ga7b5]}) 18... h5 (18... hxg5 19. hxg5 Qxg5 20.
Nf3 Qf5 21. O-O-O $44 {[%csl Rg7,Rg8][%cal Gf3h4,Gh4g6,Gh4f5]}) 19. b5 (19. Ne4
$14 {[%cal Ge4g3]}) 19... Ne7 (19... Na5 $4 20. Qb4) 20. Bxe5 Nd7 21. Bd4 $16)
17... Ne7 18. Bxe5 {Gagne un P et ouvre la diagonale du B mais la position du
K blanc rend la position assez incertaine} (18. h4 $142 $1 {[%cal Gh4h5]} h6 (
18... Nd7 {[%cal Gd7c5,Gc5d3,Gc5b3]} 19. Rc1 (19. h5 Nc5 $132)) 19. h5 Bh7 20.
g5 $40) 18... Ned5 19. d4 $14 {[%csl Ge5][%cal Ge5g7]} Rc8 20. O-O (20. Rc1) (
20. Kf1 $6 {[%cal Gf1g2]} c5 21. Kg2 cxd4 22. Bxd4 Bc2 $1) 20... h5 $5 21. Bf3
(21. Rac1) 21... hxg4 22. hxg4 c5 23. bxc6 Rxc6 24. Rac1 $16 Qc8 25. Rxc6 Qxc6
26. Bg3 $2 (26. e4 $1 $40 {[%csl Gd4,Ge4][%cal Gd4d5,Gf3c6] le centre, le P
passé et la paire de B doivent donner une position gagnante aux blancs}) 26...
Rc8 27. Ne4 Bxe4 $6 28. Bxe4 {[%csl Rh7]} g6 $6 {[%csl Rf6,Rg7]} 29. Rb1 $1 {
[%csl Rb7][%cal Ga3a4,Ga4a5]} Qe6 30. Bxd5 $1 Nxd5 31. Qxb7 $18 {Les blancs
sont complètement gagnants} Re8 32. Rb5 Rd8 33. Qxa7 Kh7 34. Rb7 Rf8 35. g5 Nc3
{le GMI tente une dernière arnaque а l'aile-roi en ramenant le couple Q-N ver
le K adverse} 36. Kh2 $6 (36. Re7 Qd5 37. Qd7 $1 {[%cal Gd7d5,Gd7h3]} Ne2+ 38.
Kh2 Qf3 39. Qh3+ Kg8 40. a4 Ra8 41. a5 Rxa5 (41... Nxg3 42. Qxg3 Qh5+ 43. Kg2
Rxa5 44. Qb8+ Kg7 45. Rxf7+ $1 Kxf7 46. Qc7+ {[%cal Gc7a5,Gc7f7] Avec un gain
technique facile}) 42. Re8+ Kg7 43. Qh8#) 36... Ne4 37. Re7 Qf5 38. Qc7 (38.
Rxe4 $5 {[%csl Ga3,Gd4][%cal Gd4d8,Ga3a8]} Qxe4) 38... Nxg5 {[%cal Gg5f3,Gf5h3]
} 39. Qf4 Qh3+ 40. Kg1 Qh5 41. Kf1 $2 {Comme souvent la tension nerveuse tombe
après le 40ème coup et il y a souvent des erreurs au 41ème coup} (41. Qf6 {
[%cal Gg3e5,Gf6g7]} Qg4 42. Kf1 {[%cal Gg3e5,Gf6g7]} Kg8 43. Rc7 (43. Be5 Qd1+
44. Kg2 Qg4+)) 41... Kg8 (41... Rc8 $1 $132 {[%cal Gc8c1,Gh5h3] Avec une
menace d'échec perpétuel}) 42. Bh4 Ne6 (42... Nf3 $13) 43. Qe4 g5 44. Bg3 Rc8
45. Bc7 $2 {Les blancs craquent} (45. Kg2) 45... Nxc7 46. Qf5 $4 {[%cal Gf5f7,
Gf5c8,Ge7c7]} (46. Kg2 Kf8 47. Qf5 $1 {[%cal Gf5f7,Gf5c8]} Ne6 48. Rb7 (48.
Rxe6 $2 Rc1)) 46... Ne6 $1 47. Kg2 Rc1 48. Re8+ Nf8 {La victoire de ce GMI est
une surprise. Il avait eu des difficultés а obtenir son visa avant le tournoi
et sa défaite précédente contre le non ititré indien DAZ devait l'écarter de
la course vers la 1ère place. Il était seulement 6ème après la 8ème ronde et
les autres joueurs s'étant neutralisés, il obtient une victoire assez
inespérée en particulier dans cette ronde 9 où il devait perdre.} 0-1

[Event "Bundesliga 1112"]
[Site "Germany"]
[Date "2011.11.20"]
[Round "5.1"]
[White "Macieja, Bartlomiej"]
[Black "Efimenko, Zahar"]
[Result "0-1"]
[WhiteElo "2613"]
[BlackElo "2703"]
[Annotator "RR"]
[PlyCount "136"]
[EventDate "2011.10.14"]
[EventType "team-tourn"]
[EventRounds "15"]
[EventCountry "GER"]
[SourceTitle "CBM 146"]
[Source "ChessBase"]
[SourceDate "2012.01.18"]
[SourceVersion "1"]
[SourceVersionDate "2012.01.18"]
[SourceQuality "1"]
[WhiteTeam "Wattenscheid"]
[BlackTeam "Werder Bremen"]
[WhiteTeamCountry "GER"]
[BlackTeamCountry "GER"]

1. Nf3 Nf6 2. c4 e6 3. Nc3 Bb4 4. Qc2 O-O 5. a3 Bxc3 6. Qxc3 b6 7. g3 Bb7 8.
Bg2 d5 9. b4 d4 10. Qb2 e5 11. O-O Re8 12. d3 Nbd7 13. e4 dxe3 14. Bxe3 a5 15.
b5 Qc8 16. Rfe1 c5 17. Bg5 e4 18. dxe4 Rxe4 19. Nh4 Rxe1+ 20. Rxe1 Bxg2 21.
Nxg2 Qf8 22. Qd2 h6 23. Bxf6 Nxf6 24. Rd1 Ne4 25. Qd7 Nc3 26. Rd2 Qe8 27. Qd3
Qe4 28. Qxe4 $1 (28. Qxc3 $2) 28... Nxe4 29. Rd7 Re8 30. Ne3 Nf6 31. Rb7 Re6
32. Kf1 g6 33. h3 h5 34. Ke2 Ne4 35. g4 h4 36. f4 Nd6 37. Rb8+ Kg7 38. Kf3 f5
39. gxf5 Nxf5 $2 (39... gxf5 40. a4 Kf7 $11) 40. Rb7+ $18 Kf8 41. Nd5 Re1 42.
Kf2 $6 (42. Rxb6 Nd4+ 43. Kf2 $18) 42... Ra1 $14 43. Rxb6 Ra2+ 44. Ke1 Rxa3 45.
Rxg6 Nd4 46. f5 Rxh3 47. f6 a4 48. Rh6 a3 49. Rh8+ Kf7 50. Rh7+ Kg6 51. Rg7+
Kh6 52. Nf4 Rg3 53. Ra7 Rf3 54. b6 Rxf4 $2 (54... h3 55. Nxh3 Rxh3) 55. b7 $19
Nc6 56. Rxa3 Nb8 $2 (56... Kg5 57. Ra8 Rxf6 $19) 57. Ra8 $2 (57. Re3 Kg6 58.
Re8 $17) 57... Re4+ $19 58. Kf2 Re8 59. Ra5 Nd7 60. Ra1 Rb8 61. Rb1 Nxf6 62.
Kf3 Kg5 63. Rb5 Nd7 64. Ke4 h3 65. Rb2 Rh8 66. Rb1 h2 67. Rh1 Kg4 68. Kd5 Rh6
0-1